000 00566nam a2200193 i 4500
001 123714
003 ES-MaACL
005 20250716063301.0
007 t|
008 070214s1965 sp |||| | cat d
100 0 _aRamón Llull,
_cBeato,
_dca. 1232-1316?
_995219
245 1 0 _aLlibre de les bèsties /
_cRamón Llull ; a cura de Pere Bohigas.
250 _a1ª ed.
260 _aBarcelona :
_bEd. 62,
_c1965.
300 _a71 p. ;
_c18 cm.
700 1 _aBohigas, Pere (
_d1991-2003)
_929820
852 _aES-MaACL
_jC-30086
999 _c123714
_d123714